000 00692nam a22002177a 4500
999 _c8714
_d8714
001 8714
003 OSt
005 20180301141450.0
008 180301b1968 bg ||||| |||| 00| 0 ben d
035 _a(BD-JhCC)8714
040 _aBD-JhCC
_dBD-JhCC
041 _aben
082 _a891.4435
_bSAM 1968
100 _aশামসুদ্দীন, আবুল কালাম
245 _aঅতীত দিনের স্মৃতি /
_cআবুল কালাম শামসুদ্দীন
260 _aঢাকাঃ
_bনওরোজ কিতাবিস্তান
_c1968.
300 _a482 . P:
_c21 cm.
650 _aBengali Stories
942 _2ddc
_cBK